000 00288nam a22001337a 4500
008 171101b xxu||||| |||| 00| 0 eng d
020 _a9780875843001
041 _aeng
080 _a33
100 _a59
101 _abus
245 _aSHORT TERM AMERICA
_cJACOBS.M.T
942 _2udc
_cBK
999 _c37009
_d37009